Discrete mathematical structures (Record no. 7429)
[ view plain ]
| 000 -LEADER | |
|---|---|
| fixed length control field | 00588 a2200193 4500 |
| 020 ## - INTERNATIONAL STANDARD BOOK NUMBER | |
| International Standard Book Number | 8177581201 |
| 040 ## - CATALOGING SOURCE | |
| Original cataloging agency | DLC |
| Language of cataloging | DLC |
| 082 00 - DEWEY DECIMAL CLASSIFICATION NUMBER | |
| Classification number | 511.6 |
| 100 1# - MAIN ENTRY--PERSONAL NAME | |
| Personal name | Kolman, Bernard, |
| 245 10 - TITLE STATEMENT | |
| Title | Discrete mathematical structures |
| Statement of responsibility, etc. | Kolman, Harold |
| 250 ## - EDITION STATEMENT | |
| Remainder of edition statement | Bernard Kolman, Robert C. Busby, Sharon Cutler Ross. |
| 260 ## - PUBLICATION, DISTRIBUTION, ETC. | |
| Place of publication, distribution, etc. | New Delhi : |
| Name of publisher, distributor, etc. | Pearson, |
| Date of publication, distribution, etc. | c2004. |
| 300 ## - PHYSICAL DESCRIPTION | |
| Extent | 1 v. (various pagings) : |
| Other physical details | ill. ; |
| Dimensions | 27 cm. |
| 500 ## - GENERAL NOTE | |
| General note | Includes index. |
| 650 #0 - SUBJECT ADDED ENTRY--TOPICAL TERM | |
| Topical term or geographic name entry element | Computer science |
| General subdivision | Mathematics. |
| 700 1# - ADDED ENTRY--PERSONAL NAME | |
| Personal name | Busby, Robert C. |
| 700 1# - ADDED ENTRY--PERSONAL NAME | |
| Personal name | Ross, Sharon Cutler, |
| Dates associated with a name | 1943- |
| 942 ## - ADDED ENTRY ELEMENTS (KOHA) | |
| Koha item type | Book |
| Call number prefix | 511.6 KOL |
| Source of classification or shelving scheme | |
| Withdrawn status | Lost status | Damaged status | Not for loan | Collection code | Permanent Location | Current Location | Shelving location | Date acquired | Source of acquisition | Cost, normal purchase price | Total Checkouts | Total Renewals | Full call number | Barcode | Date last seen | Date last checked out | Price effective from | Koha item type |
|---|---|---|---|---|---|---|---|---|---|---|---|---|---|---|---|---|---|---|
| Central Library (CL) | Central Library (CL) | General Stacks | 01/23/2009 | Donation | 0.00 | 2 | 1 | 511.6 KOL | SEECS009311 | 01/22/2020 | 09/23/2019 | 01/05/2017 | Book |
